[Event "2.BLW 1718 DÃ¼sseldorfer SK - Klub KÃ¶l"]
[Site "?"]
[Date "2017.10.09"]
[Round "1.4"]
[White "Schuh, Dirk"]
[Black "Wacker, Peter"]
[Result "1/2-1/2"]
[WhiteElo "2379"]
[BlackElo "2323"]
[PlyCount "80"]
[EventDate "2017.??.??"]

1. Nf3 d5 2. g3 Nf6 3. Bg2 e6 4. O-O Be7 5. c4 dxc4 6. Qa4+ Bd7 7. Qxc4 c5 8.
Ne5 Qc8 9. b3 Nc6 10. Nxd7 Qxd7 11. Bb2 O-O 12. d3 Rac8 13. Nd2 b6 14. Nf3 Rfd8
15. Rfc1 h6 16. a3 Nd5 17. Ne5 Nxe5 18. Bxe5 Bf6 19. Bxf6 Nxf6 20. Rc2 Ne8 21.
Qa6 Nd6 22. Bf1 e5 23. Rac1 Qb5 24. Qxb5 Nxb5 25. Bh3 Rb8 26. Ra2 a5 27. b4
axb4 28. axb4 cxb4 29. Rb2 Nc3 30. Kf1 Ra8 31. Bg2 Ra4 32. Ke1 Rd6 33. Kd2 g6
34. Rcc2 e4 35. Rb3 exd3 36. exd3 Re6 37. Bf3 Rf6 38. Ke3 Re6+ 39. Kd2 Rf6 40.
Ke3 Re6+ 1/2-1/2

[Event "2.BLW 1718 DÃ¼sseldorfer SK - Klub KÃ¶l"]
[Site "?"]
[Date "2017.10.09"]
[Round "1.5"]
[White "Helbig, Mark"]
[Black "Kohlweyer, Bernd"]
[Result "0-1"]
[WhiteElo "2357"]
[BlackElo "2334"]
[PlyCount "88"]
[EventDate "2017.??.??"]

1. c4 c5 2. g3 g6 3. Bg2 Bg7 4. Nc3 Nc6 5. Nf3 d6 6. O-O Bf5 7. d3 Qd7 8. Re1
Bh3 9. Bh1 h6 10. Rb1 e6 11. a3 Nge7 12. Bd2 Rc8 13. b4 b6 14. bxc5 dxc5 15.
Qc1 g5 16. Ne4 Ng6 17. Bc3 e5 18. Ba1 O-O 19. Nc3 Be6 20. Nd2 Nge7 21. Nf1 f5
22. Ne3 Rf7 23. Ned5 Ng6 24. e3 Rcf8 25. Qd1 Na5 26. Qh5 Kh7 27. Rbd1 Qc8 28.
Bg2 e4 29. dxe4 f4 30. h4 fxg3 31. fxg3 Nxc4 32. Rf1 Be5 33. Qe2 Nd6 34. Kh2
Qb8 35. Rxf7+ Nxf7 36. Nf4 gxf4 37. exf4 Bxf4 38. gxf4 Nxf4 39. Qd2 Rg8 40. Bf3
Ne2+ 41. Kh1 Ng3+ 42. Kg1 Nxe4+ 43. Kh1 Nxd2 44. Rxd2 Ng5 0-1

[Event "2.BLW 1718 DÃ¼sseldorfer SK - Klub KÃ¶l"]
[Site "?"]
[Date "2017.10.09"]
[Round "1.6"]
[White "Coenen, Michael"]
[Black "Bayer, Ernst-Wolfgang"]
[Result "1-0"]
[WhiteElo "2375"]
[BlackElo "2252"]
[PlyCount "69"]
[EventDate "2017.??.??"]

1. e4 c5 2. Nf3 e6 3. c3 d5 4. exd5 Qxd5 5. d4 Nf6 6. Be2 Be7 7. O-O cxd4 8.
Nxd4 a6 9. Bf3 Qd6 10. Nd2 e5 11. N4b3 Qc7 12. Re1 Be6 13. Ne4 Nbd7 14. Qc2 h6
15. Ng3 g6 16. Bd2 Kf8 17. h4 h5 18. Bg5 Kg7 19. Rad1 Rhe8 20. Qe2 Rad8 21. Nc1
Bc4 22. Qc2 b5 23. Nd3 Be6 24. Qe2 Bxa2 25. Nb4 Bc4 26. Qc2 Nc5 27. Rxd8 Bxd8
28. Nc6 e4 29. Nxd8 Qxd8 30. Bxh5 Qd3 31. Bd1 Qxc2 32. Bxc2 Bd3 33. Bd1 Nd5 34.
h5 gxh5 35. Bxh5 {(Zeit)} 1-0

[Event "2.BLW 1718 DÃ¼sseldorfer SK - Klub KÃ¶l"]
[Site "?"]
[Date "2017.10.09"]
[Round "1.7"]
[White "Ludwig, Peter"]
[Black "Miedema, David"]
[Result "0-1"]
[WhiteElo "2160"]
[BlackElo "2364"]
[PlyCount "120"]
[EventDate "2017.??.??"]

1. Nf3 d5 2. c4 e6 3. g3 dxc4 4. Qa4+ Nd7 5. Qxc4 a6 6. a4 b5 7. Qc2 Bb7 8. Bg2
c5 9. Nc3 Qb6 10. O-O Ne7 11. axb5 axb5 12. Rxa8+ Bxa8 13. Qb3 Bc6 14. Ne1 c4
15. Qa2 Nd5 16. Nxd5 exd5 17. d3 Bc5 18. e4 d4 19. dxc4 bxc4 20. Qxc4 Bb5 21.
Qd5 O-O 22. e5 Re8 23. f4 Bxf1 24. Bxf1 Nf6 25. Qf3 d3+ 26. Kh1 d2 27. Bxd2
Qxb2 28. Bc3 Qf2 29. Qxf2 Bxf2 30. Nd3 Nd5 31. Nxf2 Nxc3 32. Kg2 Ra8 33. Bc4
Ra4 34. Bd3 h6 35. h4 Kf8 36. Kf3 Ra3 37. Ke3 Nd5+ 38. Ke4 Nb4 39. Kd4 Ke7 40.
f5 Nc6+ 41. Kd5 Nb8 42. Ke4 Nd7 43. Kf4 Ra5 44. Ng4 Ra4+ 45. Be4 Rb4 46. Nf2
Nc5 47. h5 f6 48. exf6+ gxf6 49. Ke3 Kd6 50. Bf3 Rb3+ 51. Ke2 Nd7 52. Ne4+ Ke5
53. Nd2 Rc3 54. Ne4 Ra3 55. Nf2 Kd4 56. Ng4 Ra2+ 57. Kf1 Ne5 58. Bd1 Nxg4 59.
Bxg4 Ke3 60. Kg1 Ra4 0-1

[Event "2.BLW 1718 DÃ¼sseldorfer SK - Klub KÃ¶l"]
[Site "?"]
[Date "2017.10.09"]
[Round "1.8"]
[White "de Gleria, Francesco"]
[Black "Bonnmann, Reinhard"]
[Result "1-0"]
[WhiteElo "2380"]
[BlackElo "2229"]
[PlyCount "99"]
[EventDate "2017.??.??"]

1. e4 c5 2. Nc3 Nc6 3. Bb5 e6 4. Bxc6 bxc6 5. d3 Ne7 6. f4 d5 7. Nf3 c4 8. dxc4
Ba6 9. b3 dxc4 10. Qxd8+ Rxd8 11. Ba3 c5 12. Bxc5 Nc6 13. Bxf8 Kxf8 14. Nd2 Ke7
15. O-O-O Rc8 16. Kb2 Rhd8 17. Nf3 Bb7 18. Rhe1 a5 19. Nd5+ Ke8 20. Nb6 c3+ 21.
Kxc3 Nb4+ 22. Nxc8 Rxc8+ 23. Kb2 Rxc2+ 24. Kb1 Rxg2 25. Rd2 Rg4 26. a3 Na6 27.
Ne5 Rxf4 28. Nc4 Ke7 29. Nd6 Bc6 30. Rc1 Nb8 31. e5 f6 32. Nc8+ Kf7 33. Rd8
Be4+ 34. Ka1 Nc6 35. Rd7+ Kg6 36. Rxc6 Rf1+ 37. Kb2 Rf2+ 38. Kc1 Bxc6 39. Ne7+
Kh6 40. Nxc6 g5 41. exf6 Rxf6 42. Nxa5 g4 43. Nc4 Rf3 44. Kc2 Rh3 45. Rd2 Kg5
46. a4 h5 47. a5 Rf3 48. a6 Rf7 49. b4 Rc7 50. Kc3 1-0

[Event "2.BLW 1718 SG Bochum - Aachener SV"]
[Site "?"]
[Date "2017.10.09"]
[Round "1.1"]
[White "Seel, Christian"]
[Black "Fridman, Rafael"]
[Result "1/2-1/2"]
[WhiteElo "2469"]
[BlackElo "2463"]
[PlyCount "40"]
[EventDate "2017.??.??"]

1. Nf3 d6 2. d4 Bg4 3. g3 Bxf3 4. exf3 c6 5. Bg2 d5 6. c3 e6 7. O-O Ne7 8. Nd2
g6 9. Qb3 Qc7 10. Re1 Bg7 11. f4 Nd7 12. Nf3 O-O 13. Ne5 Rac8 14. Qa3 Nb6 15.
b3 Rfe8 16. Bb2 Nf5 17. Rac1 Bf8 18. Qa5 Nd7 19. Qxc7 Rxc7 20. Kf1 Rec8 {(=)}
1/2-1/2

[Event "2.BLW 1718 SG Bochum - Aachener SV"]
[Site "?"]
[Date "2017.10.09"]
[Round "1.2"]
[White "Hendriks, Willy"]
[Black "Koch, Thomas"]
[Result "1-0"]
[WhiteElo "2401"]
[BlackElo "2489"]
[PlyCount "79"]
[EventDate "2017.??.??"]

1. d4 Nf6 2. Bg5 e6 3. e4 h6 4. Bxf6 Qxf6 5. c3 d6 6. Bd3 g5 7. Ne2 Nc6 8. Na3
Bd7 9. Nc2 O-O-O 10. b4 g4 11. a4 Qg5 12. a5 Nb8 13. Qb1 f5 14. Qb3 h5 15. a6
b6 16. b5 Re8 17. exf5 exf5 18. Qd5 c6 19. bxc6 Bxc6 20. Qxf5+ Qxf5 21. Bxf5+
Kc7 22. Ne3 Bh6 23. O-O Bxe3 24. fxe3 Rxe3 25. Nf4 b5 26. d5 Be8 27. Rab1 Nxa6
28. Bd3 Nc5 29. Bxb5 Bxb5 30. Rxb5 Rh7 31. c4 a6 32. Rbb1 h4 33. Rbe1 Rhe7 34.
Ne6+ R3xe6 35. dxe6 Rxe6 36. Rxe6 Nxe6 37. Kf2 Kc6 38. Ke3 Kc5 39. Kd3 Nd4 40.
Rf8 {(Zeit)} 1-0

[Event "2.BLW 1718 SG Bochum - Aachener SV"]
[Site "?"]
[Date "2017.10.09"]
[Round "1.3"]
[White "Vandenbussche, Thibaut"]
[Black "Kotainy, Jens"]
[Result "0-1"]
[WhiteElo "2401"]
[BlackElo "2411"]
[PlyCount "140"]
[EventDate "2017.??.??"]

1. e4 e6 2. d4 d5 3. Nc3 Nf6 4. Bg5 dxe4 5. Nxe4 Be7 6. Bxf6 gxf6 7. Qd3 e5 8.
O-O-O Qxd4 9. Qxd4 exd4 10. Rxd4 Nc6 11. Bb5 Bd7 12. Rd1 a6 13. Ba4 Rg8 14. Ne2
O-O-O 15. Nf4 f5 16. Nc3 Bd6 17. Ncd5 Nb4 18. Bxd7+ Rxd7 19. g3 Bxf4+ 20. Nxf4
Nxa2+ 21. Kb1 Rxd1+ 22. Rxd1 Nb4 23. c3 Nc6 24. Rd5 Ne7 25. Re5 Kd7 26. Nd3 b6
27. Re3 Ng6 28. Rf3 Ke6 29. Nb4 a5 30. Nc6 Kd5 31. Nd4 f4 32. gxf4 c5 33. Ne2
f5 34. Ng3 Rf8 35. Kc2 a4 36. Nh5 Kc4 37. Ng3 b5 38. Nf1 Kd5 39. Kd3 Rd8 40.
Ng3 Rf8 41. Nh5 b4 42. cxb4 cxb4 43. Kd2 Kc4 44. Ng3 Rd8+ 45. Kc1 Nh4 46. Re3
Ng2 47. Re7 Nxf4 48. Nxf5 Nd3+ 49. Kc2 b3+ 50. Kb1 Nxf2 51. Rc7+ Kb5 52. Ne3
Rd3 53. Nf1 Ne4 54. Kc1 Rf3 55. Ng3 Nxg3 56. hxg3 Rf1+ 57. Kd2 Rb1 58. Rb7+ Kc6
59. Rb4 Rxb2+ 60. Kc3 Rc2+ 61. Kd3 Rc1 62. Kd2 Ra1 63. Kc3 Rc1+ 64. Kd2 Kc5 65.
Rb7 Rc4 66. Rc7+ Kb4 67. Rxh7 Rg4 68. Rh4 Rxh4 69. gxh4 b2 70. Kc2 Ka3 0-1

[Event "2.BLW 1718 SG Bochum - Aachener SV"]
[Site "?"]
[Date "2017.10.09"]
[Round "1.4"]
[White "Goudriaan, Etienne"]
[Black "Piceu, Tom"]
[Result "0-1"]
[WhiteElo "2372"]
[BlackElo "2356"]
[PlyCount "142"]
[EventDate "2017.??.??"]

1. b3 Nf6 2. Bb2 g6 3. g3 Bg7 4. Bg2 O-O 5. e4 d6 6. Ne2 e5 7. O-O Re8 8. Na3
Nc6 9. d3 d5 10. exd5 Nxd5 11. Nc4 Nd4 12. Nxd4 exd4 13. Qf3 Be6 14. Rae1 c6
15. Ba3 Qd7 16. h3 Nc3 17. Kh2 Bd5 18. Qf4 Bxg2 19. Kxg2 Nxa2 20. Nd6 Rxe1 21.
Rxe1 Nc3 22. Qh4 Nd5 23. Nc4 Qd8 24. Be7 Qd7 25. Bc5 Bf6 26. Qe4 Nc7 27. Ra1
Re8 28. Qf3 Kg7 29. Rxa7 Ne6 30. Bd6 Ng5 31. Qg4 Re6 32. f4 h5 33. Qd1 Nxh3 34.
f5 Rxd6 35. Nxd6 Ng5 36. Ne4 Qd5 37. fxg6 Nxe4 38. dxe4 Qxe4+ 39. Kh2 h4 40.
gxf7 hxg3+ 41. Kxg3 Be5+ 42. Kh3 Qe3+ 43. Kg4 Qf4+ 44. Kh5 Qh6+ 45. Kg4 Qg6+
46. Kh4 Qg3+ 47. Kh5 Qh3+ 48. Kg5 Qh6+ 49. Kg4 Qf4+ 50. Kh5 Qxf7+ 51. Kg4 Qd7+
52. Kh4 Qd8+ 53. Kh3 Qh8+ 54. Kg4 Qc8+ 55. Kh4 Bf6+ 56. Kg3 Qb8+ 57. Kg2 Qxa7
58. Qg4+ Kf8 59. Qf5 Ke7 60. Qh7+ Kd6 61. Qg6 Ke7 62. Qh7+ Kd8 63. Qg8+ Kd7 64.
Qg4+ Ke7 65. Qe4+ Kd8 66. Qe6 Be7 67. Qg8+ Kd7 68. Qg4+ Kc7 69. Qg3+ Kb6 70.
Qg7 Qa3 71. Qxd4+ Qc5 0-1

[Event "2.BLW 1718 SG Bochum - Aachener SV"]
[Site "?"]
[Date "2017.10.09"]
[Round "1.5"]
[White "Jackelen, Thomas"]
[Black "Schlawin, Marlon"]
[Result "1/2-1/2"]
[WhiteElo "2406"]
[BlackElo "2353"]
[PlyCount "43"]
[EventDate "2017.??.??"]

1. Nf3 e6 2. g3 f5 3. Bg2 Nf6 4. c4 d5 5. O-O Bd6 6. Nc3 O-O 7. d3 Nc6 8. cxd5
exd5 9. Bg5 Be6 10. e4 dxe4 11. dxe4 h6 12. e5 Nxe5 13. Nxe5 hxg5 14. Qe2 Qc8
15. Nc4 Re8 16. Nxd6 cxd6 17. Qd2 d5 18. Nxd5 Nxd5 19. Bxd5 Qd8 20. Bxe6+ Rxe6
21. Rfd1 Qxd2 22. Rxd2 1/2-1/2

[Event "2.BLW 1718 SG Bochum - Aachener SV"]
[Site "?"]
[Date "2017.10.09"]
[Round "1.6"]
[White "Hengelbrock, Joachim"]
[Black "Sonntag, Hans-Hubert"]
[Result "1/2-1/2"]
[WhiteElo "2292"]
[BlackElo "2350"]
[PlyCount "36"]
[EventDate "2017.??.??"]

1. e4 e5 2. Nf3 Nc6 3. Bb5 a6 4. Bxc6 dxc6 5. Nc3 f6 6. d4 exd4 7. Qxd4 Qxd4 8.
Nxd4 Bd7 9. Be3 O-O-O 10. O-O-O c5 11. Nde2 b6 12. Bf4 Ne7 13. f3 Re8 14. Bg3
Ng6 15. Nf4 Nxf4 16. Bxf4 Be7 17. Nd5 Bd8 18. Rhe1 f5 {(=)} 1/2-1/2

[Event "2.BLW 1718 SG Bochum - Aachener SV"]
[Site "?"]
[Date "2017.10.09"]
[Round "1.7"]
[White "Klein, Felix"]
[Black "Werthebach, Felix"]
[Result "1-0"]
[WhiteElo "2338"]
[BlackElo "2172"]
[PlyCount "63"]
[EventDate "2017.??.??"]

1. e4 c5 2. Nf3 e6 3. d4 cxd4 4. Nxd4 Nf6 5. Nc3 d6 6. Be3 a6 7. f3 b5 8. Qd2
Nbd7 9. g4 Nb6 10. a4 Nc4 11. Bxc4 bxc4 12. g5 Nd7 13. f4 Qc7 14. f5 Ne5 15.
fxe6 fxe6 16. a5 Rb8 17. O-O Rxb2 18. Ndb5 Qd7 19. Nd4 Be7 20. Na4 Rb8 21. Nb6
Qb7 22. Qg2 Nc6 23. Qf3 Nxd4 24. Bxd4 Rf8 25. Qe3 e5 26. Bc3 Be6 27. Rad1 Qc7
28. Bb4 Rxf1+ 29. Rxf1 d5 30. Bxe7 Qxe7 31. exd5 Bd7 32. Nxd7 1-0

[Event "2.BLW 1718 SG Bochum - Aachener SV"]
[Site "?"]
[Date "2017.10.09"]
[Round "1.8"]
[White "Backwinkel, Paul"]
[Black "Begnis, Nikolaos"]
[Result "1/2-1/2"]
[WhiteElo "2314"]
[BlackElo "2278"]
[PlyCount "69"]
[EventDate "2017.??.??"]

1. d4 Nf6 2. c3 g6 3. Bg5 Bg7 4. e3 O-O 5. Nd2 d5 6. Ngf3 Nbd7 7. h3 c5 8. Be2
b6 9. O-O Bb7 10. Qb1 Ne8 11. b4 cxd4 12. cxd4 Nd6 13. Bf4 Nf6 14. Rc1 Rc8 15.
Rxc8 Bxc8 16. Qb2 Bb7 17. Rc1 Qb8 18. Ne5 Rc8 19. b5 Rxc1+ 20. Qxc1 Qc8 21.
Qxc8+ Nxc8 22. Kf1 Kf8 23. Ke1 Ke8 24. Kd1 Nd7 25. Nd3 e6 26. Kc2 f6 27. Nf3
Bf8 28. Nd2 a5 29. h4 Bd6 30. h5 Kf7 31. hxg6+ hxg6 32. Bg4 Bxf4 33. Nxf4 Nf8
34. Be2 Nd6 35. a4 1/2-1/2

[Event "2.BLW 1718 Hansa Dortmund - Aachener SV"]
[Site "?"]
[Date "2017.10.23"]
[Round "2.1"]
[White "Seel, Christian"]
[Black "Markus, Robert"]
[Result "1/2-1/2"]
[WhiteElo "2469"]
[BlackElo "2644"]
[PlyCount "58"]
[EventDate "2017.??.??"]

1. Nf3 Nf6 2. c4 g6 3. b3 Bg7 4. Bb2 d6 5. d4 O-O 6. g3 a5 7. Bg2 Nc6 8. O-O
Bf5 9. d5 Nb4 10. Nd4 Be4 11. Nc3 Bxg2 12. Kxg2 Qd7 13. a3 Na6 14. Qc2 e5 15.
dxe6 fxe6 16. Rad1 e5 17. Nf3 Qc6 18. Nd5 Nxd5 19. Rxd5 Nc5 20. Kg1 Qb6 21. Rb1
Qxb3 22. Qxb3 Nxb3 23. Bxe5 Nc5 24. Bxg7 Kxg7 25. h4 Rae8 26. Rb2 Re4 27. Rc2
Rf5 28. Rxf5 gxf5 29. e3 Kf6 1/2-1/2

[Event "2.BLW 1718 Hansa Dortmund - Aachener SV"]
[Site "?"]
[Date "2017.10.23"]
[Round "2.2"]
[White "Heberla, Bartlomiej"]
[Black "Koch, Thomas"]
[Result "1-0"]
[WhiteElo "2551"]
[BlackElo "2489"]
[PlyCount "65"]
[EventDate "2017.??.??"]

1. g3 e5 2. c4 Nf6 3. Bg2 Nc6 4. Nf3 Be7 5. d4 exd4 6. Nxd4 Ne5 7. Qc2 d6 8.
Nc3 O-O 9. b3 Re8 10. O-O Bf8 11. Bb2 c6 12. Rad1 Qc7 13. h3 g6 14. e4 a6 15.
f4 Ned7 16. Qf2 Bg7 17. Rfe1 h6 18. Rd2 Qa5 19. Nc2 Nh5 20. b4 Qc7 21. Red1 Nb6
22. Na3 Be6 23. Rxd6 Bxc4 24. e5 Bf8 25. g4 Ng7 26. Ne4 Be7 27. Nf6+ Bxf6 28.
exf6 Ne6 29. Be5 Qc8 30. Qh4 Kh7 31. Be4 Rh8 32. Nxc4 Nxc4 33. Bxg6+ 1-0

[Event "2.BLW 1718 Hansa Dortmund - Aachener SV"]
[Site "?"]
[Date "2017.10.23"]
[Round "2.3"]
[White "Jackelen, Thomas"]
[Black "Klyuner, Vyacheslav"]
[Result "1/2-1/2"]
[WhiteElo "2406"]
[BlackElo "2437"]
[PlyCount "70"]
[EventDate "2017.??.??"]

1. Nf3 Nf6 2. c4 d6 3. d4 g6 4. Nc3 Bg7 5. e4 O-O 6. Be2 e5 7. O-O Nbd7 8. Be3
c6 9. d5 cxd5 10. cxd5 Ng4 11. Bg5 f6 12. Bd2 Nh6 13. b4 Nf7 14. Qc2 a6 15.
Rfc1 Nb6 16. Bd3 Bd7 17. a4 Rc8 18. Qb3 f5 19. a5 Na8 20. h3 Nc7 21. Na4 fxe4
22. Bxe4 Nb5 23. Rxc8 Bxc8 24. Nb6 Bf5 25. Qd3 Qf6 26. Rc1 Bxe4 27. Qxe4 Qf5
28. Rc4 Bh6 29. Qxf5 gxf5 30. Bxh6 Nxh6 31. Ng5 f4 32. Ne6 Re8 33. g4 fxg3 34.
fxg3 Nf5 35. Kf2 Nfd4 1/2-1/2

[Event "2.BLW 1718 Hansa Dortmund - Aachener SV"]
[Site "?"]
[Date "2017.10.23"]
[Round "2.4"]
[White "Mainka, Romuald"]
[Black "Sonntag, Hans-Hubert"]
[Result "1-0"]
[WhiteElo "2408"]
[BlackElo "2350"]
[PlyCount "85"]
[EventDate "2017.??.??"]

1. e4 e5 2. Nf3 Nc6 3. Bc4 Bc5 4. O-O Nf6 5. d3 d6 6. c3 Bb6 7. a4 a6 8. h3 Ne7
9. a5 Ba7 10. b4 Ng6 11. Re1 O-O 12. Be3 c6 13. Bb3 h6 14. Nbd2 Bxe3 15. Rxe3
Re8 16. d4 exd4 17. cxd4 d5 18. e5 Nh7 19. Bc2 Nhf8 20. Nb3 Nf4 21. Qd2 Rb8 22.
Ne1 N8e6 23. Nc5 Qh4 24. Nxe6 Nxe6 25. Nf3 Qe7 26. Nh2 Qh4 27. Rd1 h5 28. Qd3
g6 29. Qd2 Ng7 30. Rf3 Bf5 31. Rf4 Qg5 32. h4 Qh6 33. Bxf5 Nxf5 34. g3 Ng7 35.
Qd3 Ne6 36. Rf6 Qf8 37. Qd2 b6 38. g4 bxa5 39. gxh5 Qxb4 40. hxg6 Qxd2 41.
gxf7+ Kh7 42. Rxd2 Re7 43. f4 1-0

[Event "2.BLW 1718 Hansa Dortmund - Aachener SV"]
[Site "?"]
[Date "2017.10.23"]
[Round "2.5"]
[White "Klein, Felix"]
[Black "Dr. Scholz, Christian"]
[Result "1-0"]
[WhiteElo "2338"]
[BlackElo "2375"]
[PlyCount "117"]
[EventDate "2017.??.??"]

1. e4 c5 2. Nf3 d6 3. d4 cxd4 4. Nxd4 Nf6 5. Nc3 a6 6. Be3 e5 7. Nf3 Qc7 8. a4
Be7 9. Be2 O-O 10. O-O Nbd7 11. a5 b5 12. axb6 Nxb6 13. Nd2 Bb7 14. Bxb6 Qxb6
15. Nc4 Qd4 16. Qxd4 exd4 17. Nd5 Nxd5 18. exd5 Ra7 19. Rfd1 Bxd5 20. Rxd4 Be6
21. Rdd1 Rc8 22. b3 d5 23. Ne3 d4 24. Nc4 Bb4 25. Ra4 Bc3 26. Nd6 Rcc7 27. Rxa6
Rxa6 28. Bxa6 Rc6 29. Ne4 Bb2 30. Bd3 Bf5 31. Rb1 Bxe4 32. Bxe4 Ra6 33. b4 Bc3
34. b5 Rb6 35. Kf1 Kf8 36. Ke2 Ke7 37. Kd3 h6 38. Kc4 Kd6 39. Rb3 g6 40. Ra3
Rb8 41. Ra6+ Ke5 42. Bc6 Be1 43. f4+ Kxf4 44. b6 Ke5 45. b7 Kd6 46. Bd5+ Kc7
47. Kxd4 Bh4 48. c4 Be7 49. c5 Rd8 50. Ra3 Bf6+ 51. Kc4 Be5 52. h3 f6 53. Ra8
g5 54. g4 Rb8 55. Kb5 Bf4 56. c6 Be5 57. Be6 Bf4 58. Bc8 Be5 59. Ra3 1-0

[Event "2.BLW 1718 Hansa Dortmund - Aachener SV"]
[Site "?"]
[Date "2017.10.23"]
[Round "2.6"]
[White "Ackermann, Hans Werner"]
[Black "Begnis, Nikolaos"]
[Result "1/2-1/2"]
[WhiteElo "2290"]
[BlackElo "2278"]
[PlyCount "149"]
[EventDate "2017.??.??"]

1. Nf3 Nf6 2. g3 g6 3. Bg2 Bg7 4. c4 O-O 5. Nc3 d6 6. d4 Nc6 7. O-O a6 8. h3
Rb8 9. Bg5 Na5 10. Qd3 b5 11. cxb5 axb5 12. b4 Nc4 13. e4 c6 14. Nd2 h6 15. Be3
Nxe3 16. Qxe3 Nd7 17. Rac1 Qb6 18. Nb3 e5 19. d5 c5 20. a3 f5 21. Rfe1 f4 22.
Qf3 fxg3 23. Qxg3 Kh7 24. Nd1 c4 25. Na5 Nf6 26. a4 Nh5 27. Qe3 Qxe3 28. Rxe3
bxa4 29. Rxc4 Bd7 30. Rc7 Nf6 31. Nb7 Ra8 32. Rcc3 Ra6 33. Na5 Rb6 34. Rc4 Rfb8
35. Nc6 Ra8 36. Ra3 Nh5 37. Nc3 Nf4 38. Nxa4 Bxh3 39. Bxh3 Nxh3+ 40. Rxh3 Rxa4
41. Rf3 Rb7 42. Rcc3 Ra1+ 43. Kg2 Re1 44. Rfe3 Rb1 45. Rb3 Rc1 46. Re2 Ra1 47.
Rbb2 Bf6 48. Ra2 Rb1 49. Reb2 Rxb2 50. Rxb2 Kg7 51. Ra2 Kf7 52. Ra8 h5 53. Kf3
g5 54. Ke2 g4 55. Kf1 h4 56. f3 gxf3 57. Kf2 Kg6 58. Kxf3 Rf7 59. Ra7 Rf8 60.
Rd7 Kg5 61. b5 Bd8+ 62. Ke2 Bb6 63. Rg7+ Kf4 64. Kd3 Ra8 65. Rf7+ Kg3 66. Ne7
Ra3+ 67. Kd2 Rf3 68. Nf5+ Kf2 69. Rh7 h3 70. Nxd6 Ba5+ 71. Kd1 Kg2 72. Nf5 Rb3
73. Rg7+ Kf2 74. Rh7 Kg2 75. Rg7+ 1/2-1/2

[Event "2.BLW 1718 Hansa Dortmund - Aachener SV"]
[Site "?"]
[Date "2017.10.23"]
[Round "2.7"]
[White "Coenen, Norbert"]
[Black "Kotter, Ralf"]
[Result "1/2-1/2"]
[WhiteElo "2285"]
[BlackElo "2376"]
[PlyCount "49"]
[EventDate "2017.??.??"]

1. e4 c5 2. Nf3 e6 3. d4 cxd4 4. Nxd4 a6 5. Bd3 Bc5 6. Nb3 Be7 7. O-O d6 8. c4
Nf6 9. Nc3 Nbd7 10. f4 Qc7 11. Qe2 b6 12. Bd2 Bb7 13. Rae1 Rd8 14. Nd4 g6 15.
Kh1 Qb8 16. Nf3 h5 17. Ng5 Ng4 18. f5 gxf5 19. exf5 e5 20. Be4 Ngf6 21. Bxb7
Qxb7 22. Rd1 Rc8 23. Nge4 Rg8 24. Rf3 Rg4 25. Nxf6+ 1/2-1/2

[Event "2.BLW 1718 Hansa Dortmund - Aachener SV"]
[Site "?"]
[Date "2017.10.23"]
[Round "2.8"]
[White "Dr. Kalka, Arkadius Georg"]
[Black "Lamby, Philipp"]
[Result "1-0"]
[WhiteElo "2329"]
[BlackElo "2202"]
[PlyCount "76"]
[EventDate "2017.??.??"]

1. c4 e5 2. g3 c6 3. Bg2 d5 4. cxd5 cxd5 5. d4 exd4 6. Qxd4 Nf6 7. Nf3 Nc6 8.
Qd1 Bc5 9. O-O Ne4 10. Nc3 Nxc3 11. bxc3 O-O 12. Qd3 h6 13. Be3 Bxe3 14. Qxe3
Re8 15. Qd2 Bf5 16. Nd4 Be4 17. Nxc6 bxc6 18. Rfd1 Qe7 19. Bxe4 Qxe4 20. e3
Rab8 21. Qe2 Rb6 22. Rd4 Qe5 23. Rad1 Reb8 24. c4 Rb2 25. R1d2 Rxd2 26. Qxd2
dxc4 27. Rxc4 c5 28. a4 Rb2 29. Qd8+ Kh7 30. Qd3+ g6 31. Qd7 Kg7 32. Rf4 Qe6
33. Qxa7 Qd5 34. e4 Qc4 35. h3 Ra2 36. a5 Ra1+ 37. Kh2 Ra2 38. Qc7 Ra1 1-0

[Event "2.BLW 1718 Klub KÃ¶lner SF - SG Bochum"]
[Site "?"]
[Date "2017.10.23"]
[Round "2.1"]
[White "Hendriks, Willy"]
[Black "Strohhaeker, Raoul"]
[Result "1/2-1/2"]
[WhiteElo "2401"]
[BlackElo "2435"]
[PlyCount "96"]
[EventDate "2017.??.??"]

1. e4 c5 2. Nf3 e6 3. c3 d5 4. e5 Nc6 5. d4 Qb6 6. a3 f6 7. Bd3 fxe5 8. Nxe5
Nxe5 9. dxe5 g6 10. O-O c4 11. Bc2 Bd7 12. Nd2 Bg7 13. Nf3 Ne7 14. Be3 Qc7 15.
Bd4 Nc6 16. Qe2 Nxd4 17. cxd4 O-O 18. Qe3 Qd8 19. h4 b5 20. g3 a5 21. Ng5 Qe7
22. f4 b4 23. h5 h6 24. Nf3 gxh5 25. Nh4 Rfb8 26. Qf3 bxa3 27. bxa3 Rb2 28. Rf2
Rab8 29. Raf1 Rxc2 30. Rxc2 Rb3 31. Qg2 Ba4 32. Kh2 Rxa3 33. Ra2 Rxa2 34. Qxa2
Qb4 35. f5 exf5 36. Nxf5 Bd7 37. Rb1 Bxf5 38. Rxb4 axb4 39. Qa8+ Kh7 40. Qxd5
c3 41. e6 Bg6 42. e7 c2 43. Qc6 b3 44. Qxg6+ Kxg6 45. e8=Q+ Kf5 46. Qf7+ Ke4
47. Qxg7 c1=Q 48. Qb7+ Kxd4 1/2-1/2

[Event "2.BLW 1718 Klub KÃ¶lner SF - SG Bochum"]
[Site "?"]
[Date "2017.10.23"]
[Round "2.2"]
[White "Morawietz, Dieter"]
[Black "Kotainy, Jens"]
[Result "0-1"]
[WhiteElo "2420"]
[BlackElo "2411"]
[PlyCount "144"]
[EventDate "2017.??.??"]

1. e4 e6 2. d4 d5 3. e5 c5 4. c3 Nc6 5. Nf3 Qb6 6. a3 Nh6 7. b4 cxd4 8. cxd4
Nf5 9. Bb2 Bd7 10. g4 Nfe7 11. Nc3 Na5 12. Nd2 Rc8 13. Rc1 Ng6 14. h4 h5 15.
gxh5 Nf4 16. Qf3 Nxh5 17. Bd3 Nc6 18. Na4 Qc7 19. Ke2 Qd8 20. Nc5 Rc7 21. Nf1
g6 22. Ng3 Bc8 23. Rc2 Be7 24. Qg4 b6 25. Nb3 Nb8 26. Rxc7 Qxc7 27. Nxh5 gxh5
28. Qg7 Rf8 29. Qh7 Kd8 30. Rc1 Qd7 31. b5 Qe8 32. Qxh5 Rh8 33. Qf3 Rxh4 34.
Rg1 Qf8 35. a4 Nd7 36. Bc1 f6 37. exf6 Bxf6 38. Rg6 Be7 39. Qg3 Rh8 40. Bf4 Qf7
41. Rg7 Qh5+ 42. Kd2 Nf8 43. Bd6 Qh6+ 44. Kc2 Bxd6 45. Qxd6+ Nd7 46. Rg6 Qf8
47. Rxe6 Qxf2+ 48. Re2 Qf3 49. Nd2 Qh1 50. Nb1 Qg1 51. Nc3 Qxd4 52. Qxd5 Qxd5
53. Nxd5 Nc5 54. Nb4 Bd7 55. Rd2 Rh4 56. Nc6+ Bxc6 57. bxc6 Kc7 58. a5 bxa5 59.
Bg6 Rc4+ 60. Kb2 Kxc6 61. Be8+ Kc7 62. Rc2 Rb4+ 63. Ka3 Kd6 64. Rd2+ Ke5 65.
Bf7 Ra4+ 66. Kb2 Kf6 67. Ba2 Ne4 68. Rd5 Rxa2+ 69. Kxa2 Nc3+ 70. Ka3 Nxd5 71.
Ka4 Nc7 72. Kxa5 Ke5 0-1

[Event "2.BLW 1718 Klub KÃ¶lner SF - SG Bochum"]
[Site "?"]
[Date "2017.10.23"]
[Round "2.3"]
[White "Goudriaan, Etienne"]
[Black "Tugui, Adrian"]
[Result "0-1"]
[WhiteElo "2372"]
[BlackElo "2376"]
[PlyCount "66"]
[EventDate "2017.??.??"]

1. b3 d5 2. Bb2 c5 3. e3 Nc6 4. Nf3 Nf6 5. d4 Bg4 6. h3 Bxf3 7. Qxf3 cxd4 8.
exd4 Qa5+ 9. Nd2 Ne4 10. Qd3 e6 11. c3 f5 12. a4 Bd6 13. Qe3 O-O 14. Bb5 e5 15.
Bxc6 bxc6 16. Nxe4 fxe4 17. O-O exd4 18. Qxd4 Rf5 19. Rab1 Bc5 20. Qd1 Qb6 21.
a5 Bxf2+ 22. Kh1 Qe3 23. c4 Raf8 24. cxd5 cxd5 25. Rc1 Qg3 26. Bd4 e3 27. Bxa7
Rg5 28. Rg1 e2 29. Qxe2 Bxa7 30. Rgf1 Bf2 31. Rxf2 Qxf2 32. Qxf2 Rxf2 33. a6
Ra2 0-1

[Event "2.BLW 1718 Klub KÃ¶lner SF - SG Bochum"]
[Site "?"]
[Date "2017.10.23"]
[Round "2.4"]
[White "Wacker, Peter"]
[Black "Schlawin, Marlon"]
[Result "1/2-1/2"]
[WhiteElo "2323"]
[BlackElo "2353"]
[PlyCount "60"]
[EventDate "2017.??.??"]

1. e4 Nf6 2. e5 Nd5 3. d4 d6 4. Nf3 Nb6 5. a4 a5 6. Bb5+ c6 7. Bd3 dxe5 8. dxe5
Na6 9. Be3 Nb4 10. Be4 Qxd1+ 11. Kxd1 Nc4 12. Bd4 Bg4 13. Kc1 O-O-O 14. c3 f5
15. Bc2 g6 16. Ng5 Bh6 17. h4 Bxg5+ 18. hxg5 Nxc2 19. Kxc2 f4 20. Na3 Bf5+ 21.
Kc1 c5 22. Nxc4 cxd4 23. Ra3 Kb8 24. Nxa5 Rd5 25. Nc4 Rc5 26. Nd2 Rhc8 27. Nb3
Rc4 28. Nd2 R4c5 29. Nb3 Rc4 30. Nd2 R4c5 1/2-1/2

[Event "2.BLW 1718 Klub KÃ¶lner SF - SG Bochum"]
[Site "?"]
[Date "2017.10.23"]
[Round "2.5"]
[White "Hengelbrock, Joachim"]
[Black "Bayer, Ernst-Wolfgang"]
[Result "1/2-1/2"]
[WhiteElo "2292"]
[BlackElo "2252"]
[PlyCount "23"]
[EventDate "2017.??.??"]

1. d4 d5 2. Nf3 Nf6 3. e3 Bg4 4. Nbd2 e6 5. c3 c6 6. Bd3 Nbd7 7. c4 Bd6 8. a3
e5 9. cxd5 Nxd5 10. Nc4 Bc7 11. h3 Bxf3 12. Qxf3 1/2-1/2